| 000 | 00448nam a22001577a 4500 | ||
|---|---|---|---|
| 999 |
_c19019 _d19019 |
||
| 008 | 210709b xxu||||| |||| 00| 0 eng d | ||
| 020 | _a1138099760 | ||
| 050 |
_aK487 _b.M53 2018 c.1 |
||
| 100 | _aMiceli, Thomas J. | ||
| 245 |
_aContemporary Issues in Law and Economics _cThomas J. Miceli |
||
| 260 |
_aNew York _bRoutledge _c2018 |
||
| 300 | _aviii, 177p. | ||
| 650 | _aLaw and economics | ||
| 650 |
_aLaw _bEconomic aspects |
||
| 942 |
_2lcc _cBK |
||